| 000 | 00376 a2200133 4500 | ||
|---|---|---|---|
| 001 | 91402 | ||
| 082 | _aPR 1298 | ||
| 090 |
_c43532 _d43531 |
||
| 100 | _aAnwar Adil Siddiqui; Prof Abdul Munem Khan (Advisor) | ||
| 245 |
_aCompression Test on UTM in C.A.E. Structure Lab _n49 'A" EC |
||
| 260 |
_aKarachi _bNED University _c1998 |
||
| 300 | _a37p | ||
| 500 | _aBE Project Reports | ||
| 942 |
_aCAE NUST _kPR 1298 |
||
| 999 |
_c326475 _d326475 |
||